| 000 | 00933nam a2200265 a 4500 | ||
|---|---|---|---|
| 005 | 20180803164926.0 | ||
| 008 | 140120b1996 ck ||||| |||| 00| 0 spa d | ||
| 040 |
_aCOBoIH _cCOBoIH |
||
| 041 | _aspa | ||
| 090 |
_aIAvH _b00036 |
||
| 100 |
_aSarmiento P., Fernando _94187 |
||
| 245 |
_aSistemática en Colombia para el siglo XXI _bcompendio de resultados de los informes presentados por los coordinadores de las seis reuniones de consulta a la comunidad científica en sistemática |
||
| 260 |
_aVilla de Leyva (Boyacá) _bInstituto Alexander von Humboldt _c1996 |
||
| 300 | _a55 p. | ||
| 650 |
_aSistemática _93510 |
||
| 650 |
_aBiodiversidad _992204 |
||
| 650 |
_aCapacitación _992246 |
||
| 650 |
_aInvestigación _928811 |
||
| 650 |
_aGrupos de investigación _94188 |
||
| 650 |
_aColecciones biológicas _94146 |
||
| 650 |
_aLegislación _928812 |
||
| 651 |
_zColombia _928813 |
||
| 662 | _aColombia | ||
| 942 |
_cINFORME _2z |
||
| 999 |
_c1673 _d1673 |
||